The Boys Supes (pictured) - Statistics

General Stats
  • This quiz has been taken 42 times
  • The average score is 32 of 56
Answer Stats
Picture Answer % Correct
A-Train
100%
Homelander
100%
Queen Maeve
100%
Starlight
100%
The Deep
100%
William Butcher
100%
Black Noir
97%
Soldier Boy
97%
Kimiko Miyashiro
94%
Ryan Butcher
94%
Translucent
94%
Ashley Barrett
92%
Firecracker
92%
Stormfront
92%
Sister Sage
89%
Black Noir 2
83%
Lamplighter
83%
Oh Father
81%
Popclaw
78%
Victoria Neuman
78%
Love Sausage
72%
Supersonic
69%
Crimson Countess
64%
Ezekiel
64%
Bombsight
58%
Gunpowder
58%
Mesmer
58%
Rock Hard
53%
Blue Hawk
47%
Mr. Marathon
47%
Shockwave
47%
Tek Knight
47%
TNT twins
47%
Blindspot
44%
Doppelganger
42%
Marie Moreau
42%
Webweaver
42%
Zoe Neuman
39%
Maverick
36%
Cate Dunlap
33%
Swatto
33%
Kenji Miyashiro
31%
Cindy
28%
Dogknott
28%
Malchemical
28%
Sheline
28%
Termite
28%
Mindstorm
25%
Naqib
25%
Countess Crow
22%
Gecko
19%
Golden Geisha
19%
Eagle the Archer
17%
Jetstreak
14%
Splinter
8%
Synapse
8%
No matching quizzes found
Score Distribution
Percent of People with Each Score
Percentile by Number Answered
Your Score History
You have not taken this quiz